00826nam a2200241 a 450000100100000000500170001000800410002704000250006808200150009310000380010824000210014624500720016726000310023930000280027049000100029850000340030850000390034253400310038170000330041204900090044595201130045499900170056700002209620200930011559.0100916s1982 sp a r 000 |bspa d aDO-SdBNPbspacBNPHU axxxbL419r1 aLawrence, Elizabeth Atwood945785 0aRodeolespañol10aRodeo /cElizabeth Atwood Lawrence ; traducción, Rufo G. Salcedo. aBarcelana :bLerna,c1982. a375 p. :bil. ;c20 cm. aEra'E aIncluye índice alfabético aIncluye refencias bibliográficas aTítulo original :tRodeo1 aSalcedo, Rufo G.etr.945786 aBNGR 001050718MOaGRbGRcCTd2010-09-16iLF1l0oxxx L419rp22096-10r2020-06-25w2020-06-25y1ZNo se presta c21594d21594